书目信息 |
| 题名: |
人类生态学
|
|
| 作者: | 周鸿 编著 | |
| 分册: | ||
| 出版信息: | 北京 高等教育出版社 2001.7 |
|
| 页数: | 251页 | |
| 开本: | 23cm | |
| 丛书名: | 面向21世纪课程教材 | |
| 单 册: | ||
| 中图分类: | Q988 | |
| 科图分类: | ||
| 主题词: | 人类生态学--Ren Lei Sheng Tai Xue--高等学校--教材 | |
| 电子资源: | ||
| ISBN: | 7-04-009733-8 | |
| 000 | 01077cam 2200325 450 | |
| 001 | 0100003157 | |
| 005 | 20050630162918.25 | |
| 010 | @a7-04-009733-8@dCNY 14.10 | |
| 099 | @aCAL 012001381208 | |
| 100 | @a20050516d2001 em y0chiy0120 ea | |
| 101 | 0 | @achi |
| 102 | @aCN@b110000 | |
| 105 | @aak ao 000yy | |
| 200 | 1 | @a人类生态学@ARen Lei Sheng Tai Xue@f周鸿编著 |
| 210 | @a北京@c高等教育出版社@d2001.7 | |
| 215 | @a251页@c图@d23cm | |
| 225 | 2 | @a面向21世纪课程教材@AMian Xiang 21 Shi Ji Ke Cheng Jiao Cai |
| 312 | @a封底英文题名:Human Ecology | |
| 320 | @a有书目 (第248-251页) | |
| 330 | @a本书论述了人与环境的辩证统一关系、系统地介绍了生态系统的理论和人类生态系统的研究方法,阐述了可持续发展与人类生态学的关系等。 | |
| 410 | 0 | @12001 @a面向21世纪课程教材 |
| 510 | 1 | @aHuman ecology@zeng |
| 606 | 0 | @a人类生态学@ARen Lei Sheng Tai Xue@x高等学校@j教材 |
| 690 | @aQ988@v4 | |
| 701 | 0 | @a周鸿@AZhou Hong@4编著 |
| 801 | 0 | @aCN@bSXH@c20050630 |
| 801 | 2 | @aCN@bNUL@c20010929 |
| 801 | 2 | @aCN@bSEU@c20011123 |
| 905 | @a10447@dQ988@eZ762 | |
| 998 | @aXH | |
| 人类生态学/周鸿编著.-北京:高等教育出版社,2001.7 |
| 251页:图;23cm.-(面向21世纪课程教材) |
| ISBN 7-04-009733-8:CNY 14.10 |
| 本书论述了人与环境的辩证统一关系、系统地介绍了生态系统的理论和人类生态系统的研究方法,阐述了可持续发展与人类生态学的关系等。 |
| ● |
| 相关链接 |
|
|
|
正题名:人类生态学
索取号:Q988/Z762
 
预约/预借
| 序号 | 登录号 | 条形码 | 馆藏地/架位号 | 状态 | 备注 |
| 1 | 538702 | 205387026 | 自科库401/401自科库 38排4列5层/ [索取号:Q988/Z762] | 在馆 | |
| 2 | 538703 | 205387035 | 自科二线504/504自科库 37排2列1层/ [索取号:Q988/Z762] | 在馆 | |
| 3 | 538704 | 205387044 | 自科二线504/504自科库 37排2列1层/ [索取号:Q988/Z762] | 在馆 | |
| 4 | 896378 | 208963781 | 自科库401/401自科库 38排4列5层/ [索取号:Q988/Z762] | 在馆 |